Antenna And Wave propagation (Record no. 189253)
[ view plain ]
| 000 -LEADER | |
|---|---|
| fixed length control field | 01047 a2200181 4500 |
| 003 - CONTROL NUMBER IDENTIFIER | |
| control field | Nust |
| 005 - DATE AND TIME OF LATEST TRANSACTION | |
| control field | 20170207153600.0 |
| 020 ## - INTERNATIONAL STANDARD BOOK NUMBER | |
| International Standard Book Number | 9788120342910 |
| 040 ## - CATALOGING SOURCE | |
| Transcribing agency | Nust |
| 082 ## - DEWEY DECIMAL CLASSIFICATION NUMBER | |
| Classification number | 621.3824 |
| 100 ## - MAIN ENTRY--PERSONAL NAME | |
| Personal name | Yadan,R.L |
| 245 ## - TITLE STATEMENT | |
| Title | Antenna And Wave propagation |
| Statement of responsibility, etc. | R.L.Yadan |
| 260 ## - PUBLICATION, DISTRIBUTION, ETC. | |
| Place of publication, distribution, etc. | New Delhi |
| Name of publisher, distributor, etc. | PHI Learning Private Limited |
| Date of publication, distribution, etc. | 2011 |
| 300 ## - PHYSICAL DESCRIPTION | |
| Extent | xvi,732 p |
| 505 ## - FORMATTED CONTENTS NOTE | |
| Formatted contents note | Introduction (Page 1-12), Electromagnetic Waves and Radiation (Page 13-55), Antenna Fundamentals and Parameters (Page 56-113), Antenna Array (Page 114-180), Linear Wire Antennas (Page 181-234), Loop Antennas (Page 235-274), Metal-Plate Lens Antennas (Page 275-302), parabolic Reflection Antennas (Page 303-326), Yagi Antenna (Page 327-353), Log-Periodic Antenna (Page 354-382), Horn and Cone Antennas (Page 383-419), Helical Antennas (Page 420-443), Microstrip Antenna (Page 444-476), Surface Wave Propagation (Page 477-511), Ionospheric Propagation (Page 548-586), Antenna Measurements (Page 587-638). |
| 538 ## - SYSTEM DETAILS NOTE | |
| System details note | Almirah No.39and Shelf No.6 |
| 650 ## - SUBJECT ADDED ENTRY--TOPICAL TERM | |
| Topical term or geographic name entry element | Antenna Wave Propagation |
| 942 ## - ADDED ENTRY ELEMENTS (KOHA) | |
| Source of classification or shelving scheme | |
| Koha item type | Book |
| Withdrawn status | Lost status | Source of classification or shelving scheme | Damaged status | Not for loan | Collection code | Permanent Location | Current Location | Date acquired | Total Checkouts | Full call number | Barcode | Date last seen | Price effective from | Koha item type |
|---|---|---|---|---|---|---|---|---|---|---|---|---|---|---|
| Military College of Signals (MCS) | Military College of Signals (MCS) | 12/12/2016 | 621.3824 YAD | MCS35026 | 12/08/2016 | 12/12/2016 | Book |
